000 00280nam a2200109 4500
008 160704b xxu||||| |||| 00| 0 eng d
100 _92016
_a Roy, N
245 _aThe Railway Train
260 _aN.D
_b Children Book Trust
_c1994
300 _aThe Railway Train
942 _2ddc
_cBK
999 _c1716
_d1716